Vztah plánu a hospodářské smlouvy

Salvato in:
Dettagli Bibliografici
Autore principale: Kvěšová, Jana
Natura: Libro
Lingua:ceco
Pubblicazione: Praha Academia 1986
Edizione:1. vyd.
Tags: Aggiungi Tag
Nessun Tag, puoi essere il primo ad aggiungerne!!

MARC

LEADER 00000nam a2200000 4500
001 c038442
005 20221220073316.8
041 0 |a cze 
044 |a CZ 
245 1 0 |a Vztah plánu a hospodářské smlouvy  |c Jana Kvěšová 
250 |a 1. vyd. 
264 1 |a Praha  |b Academia  |c 1986 
300 |a 171 s. 
100 1 |a Kvěšová, Jana